000 00623nam a2200217u 4500
003 CBULib
005 20250926085419.0
008 250926b |||||||| |||| 00| 0 eng d
020 _a9781739830915
040 _bEnglish
_cCBULib
_erda
050 _aPR 3552.A376 .C37
100 _aCartwright, Micheal
_94875
245 _aSleep easy, brother
_c/ by Micheal Carwright
260 _aWoodstock, Oxfordshire,
_bWritersworld :
_c2021
300 _a235 pages
336 _2rdacontent
_aText |
_btxt
337 _2rdamedia
_aUnmediated |
_bn
338 _2rdacarrier
_aVolume
_bnc
650 0 _9708
_aFICTION
942 _2lcc
_c002
999 _c86495
_d86495